• 首页
  • 本馆介绍
  • 公告通知
  • 最新文献
  • 馆藏检索
  • 电子资源
  • 读者导购
  • 参考咨询
  • 我的图书馆
  • 登录
  • 详细信息显示
  • 放入我的书架
  • 预约/预借图书
  • 作者相关作品
  • 分类相关作品
  • 丛书相关作品
  • 出版社相关作品

书目信息

  • 表格格式
  • 工作单格式
  • 卡片格式
题名:
建筑新设备新材料
    
 
作者: 岳荣洲 著
分册:  
出版信息: 北京   北京人民出版社  1975
页数: 59页
开本: 19cm
丛书名: 自然科学小丛书
单 册:
中图分类: N51
科图分类:
主题词: 工程施工-建筑工程--设备 , 建筑材料 , 建筑工程-工程施工--设备 , 自然科学--多卷书 , 自然科学--丛书
电子资源:
ISBN:
000 00830nam2 2200301 45
001 0175002308
005 20060515092119.25
010    @dCNY0.16
091    @a15071.12
100    @a19951024d1975 em y0chiy0121 ea
101 0  @achi
102    @aCN@b110000
105    @ay z 000yy
200 10 @a建筑新设备新材料@Ajian zhu xin she bei xin cai liao@f岳荣洲著@Fyue rong zhou zhu
210    @a北京@c北京人民出版社@d1975
215    @a59页@d19cm
225 2  @a自然科学小丛书
410  0 @120010@a自然科学小丛书
606    @a工程施工-建筑工程@x设备
606    @a建筑材料
606    @a建筑工程-工程施工@x设备
606 0  @a自然科学@x多卷书
606 0  @a自然科学@x丛书
690    @aN51
701  0 @a岳荣洲@Ayue rong zhou@4著
801  2 @aCN@bNLC@c20060515
801  0 @aCN@b广东省中山图书馆@c20040518
905    @dN51@e10
    
    建筑新设备新材料/岳荣洲著.-北京:北京人民出版社,1975
    59页;19cm.-(自然科学小丛书)
    
    
    ISBN :CNY0.16
    
●
相关链接 在E读中查询图书 在五车中查询图书 在当当中查询图书 在豆瓣中查询图书


正题名:建筑新设备新材料     索取号:N51/10         预约/预借

序号 登录号 条形码 馆藏地/架位号 状态 备注
1 0012034   000698230   密集书库/ [索取号:N51/10] 在馆    
2 0012037   001231919   第三借阅区/ [索取号:N51/10] 在馆    
3 0012038   001231900   第二样本阅览室/ [索取号:N51/10] 在馆    
唐山师范学院图书馆 欢迎您!
大连网信软件有限公司© 版权所有